| 000 | 02734nam a2200229 4500 | ||
|---|---|---|---|
| 001 | ESSALUD | ||
| 007 | ta | ||
| 008 | t2026 pe ||||| |||| 00| 0 spa d | ||
| 040 | _aBMG | ||
| 041 | _aspa | ||
| 100 |
_aGalán-Rodas, Edén _eautor _952703 |
||
| 245 | _aSalud digital en los sistemas de seguridad social en Las Américas y Europa: buenas prácticas y retos para una atención más inclusiva y sostenible | ||
| 300 | _apáginas 46-50 | ||
| 520 | _aLos sistemas de seguridad social enfrentan presiones concurrentes: incremento de la demanda por transición demográfica y epidemiológica, expectativas de inmediatez en la atención, restricciones de recursos, y la necesidad de reducir inequidades y la huella ambiental del sector salud. La salud digital ofrece oportunidades para ampliar el acceso, mejorar la continuidad asistencial, optimizar procesos y fortalecer la experiencia del asegurado; sin embargo, puede profundizar brechas si no se implementa con enfoque de inclusión, gobernanza y acompañamiento humano. Este artículo especial sintetiza lecciones para instituciones de seguridad social a partir de un análisis documental temático de reportes de la Asociación Internacional de la Seguridad Social (AISS/ISSA), incluyendo sus directrices sobre Tecnologías de la Información y Comunicación, y de la Estrategia Global de Salud Digital 2020–2027 de la OMS como marco rector. Se presentan casos ilustrativos de Las Américas (ventanilla única digital VIVA/EsSalud en Perú; EDUS en Costa Rica; Historia Clínica Electrónica Nacional en Uruguay) y de Europa (apoderamientos digitales en Bélgica; mediación y materiales accesibles en Francia; modelo híbrido asistido en Letonia; autenticación biométrica en España). Los hallazgos se organizan en cinco ejes: (i) integración y simplificación de servicios (ventanilla única transformacional), (ii) inclusión digital deliberada y multicanalidad, (iii) interoperabilidad y continuidad clínica, (iv) confianza, seguridad y “human-in-the-loop”, y (v) sostenibilidad ambiental medible. Se proponen recomendaciones operativas orientadas a valor público: arquitectura interoperable, servicios integrados end-to-end, segmentación de usuarios, mediación y accesibilidad, gestión de servicios digitales (incluidos SLA) y métricas integradas de equidad, calidad/seguridad, eficiencia y sostenibilidad. | ||
| 650 |
_aACCESIBILIDAD A LOS SERVICIOS DE SALUD _91812 |
||
| 650 |
_aSEGURIDAD SOCIAL _92070 |
||
| 650 |
_aAMÉRICAS _91997 |
||
| 650 |
_aEUROPA _9250 |
||
| 653 | _aSALUD DIGITAL | ||
| 773 | 0 |
_022497 _922595 _dLima : IETSI _oCITES01 _tCiencia y Tecnología aplicada a la Salud Pública _wESSALUD _x3119-7981 |
|
| 942 |
_cARTICULOS _e2026-06-11 _zAFC |
||
| 999 |
_c22522 _d22522 |
||